| 000 | 01332cam a22003371i 4500 | ||
|---|---|---|---|
| 001 | 9274336 | ||
| 003 | EG-ScBUE | ||
| 005 | 20240704101818.0 | ||
| 008 | 721010r19641945nyu f b 000 0deng d | ||
| 035 | _a(OCoLC)424677 | ||
| 040 |
_aDLC _beng _erda _cODaWU _dOCoLC _dDLC _dEG-ScBUE |
||
| 043 | _an-us--- | ||
| 082 | 0 | 4 |
_a973.56 _222 _bSCH |
| 100 | 1 |
_aSchlesinger, Arthur M. _q(Arthur Meier), _d1917-2007, _eauthor. _910372 |
|
| 245 | 1 | 4 |
_aThe age of Jackson / _cby Arthur M. Schlesinger, jr. |
| 250 | _aReprint edition. | ||
| 264 | 1 |
_aNew York : _bNew American Library, _c1964. |
|
| 300 |
_a192 pages ; _c23 cm. |
||
| 336 |
_2rdacontent _atext _btxt |
||
| 337 |
_aunmediated _2rdamedia _bn |
||
| 338 |
_avolume _bnc _2rdacarrier |
||
| 490 | 0 | _aA Mentor book | |
| 500 | _a"The outgrowth of a series of lectures entitled 'A reinterpretation of Jacksonian democracy' delivered at the Lowell institute in Boston in the fall of 1941."--Acknowledgements. | ||
| 504 | _aIncludes bibliographical references. | ||
| 600 | 1 | 7 |
_aJackson, Andrew, _d1767-1845. _2BUEsh _910373 |
| 651 | 7 |
_aUnited States _xPolitics and government _y1829-1837. _2BUEsh _910374 |
|
| 655 | _vReading book | ||
| 942 |
_2ddc _cBB |
||
| 999 |
_c13136 _d13136 |
||